Obchodní jednání a národní zvyklosti: Kolumbie
Základné informácie o Kolumbii. Obchodné jednania v Kolumbii. Pracovné návyky kolumbijcov. Mentalita a vzťahy medzi ľuďmi. Význam času. Verbálna a neverbálna komunikácia. Obliekanie a vzhľad typický pre Kolumbiu. Jedlo a stolovanie. Význam viery a kultúrne zvláštnosti Kolumbie.
Na minha lista:
| Autor principal: | |
|---|---|
| Formato: | Capítulo de Livro |
| Idioma: | tcheco |
| Assuntos: | |
| Tags: |
Sem tags, seja o primeiro a adicionar uma tag!
|
MARC
| LEADER | 00000naa a2200000 4500 | ||
|---|---|---|---|
| 001 | r039418 | ||
| 005 | 20230908092325.5 | ||
| 041 | 0 | |a cze | |
| 044 | |a CZ | ||
| 245 | 1 | 0 | |a Obchodní jednání a národní zvyklosti: Kolumbie |c František Kohák |
| 520 | |a Základné informácie o Kolumbii. Obchodné jednania v Kolumbii. Pracovné návyky kolumbijcov. Mentalita a vzťahy medzi ľuďmi. Význam času. Verbálna a neverbálna komunikácia. Obliekanie a vzhľad typický pre Kolumbiu. Jedlo a stolovanie. Význam viery a kultúrne zvláštnosti Kolumbie. | ||
| 610 | 2 | 0 | |a rokovania obchodné |
| 610 | 2 | 0 | |a partneri obchodní |
| 610 | 2 | 0 | |a etiketa |
| 610 | 2 | 0 | |a kultúra |
| 610 | 2 | 0 | |a komunikácia |
| 610 | 2 | 0 | |a zvyklosti obchodné |
| 610 | 2 | 0 | |a správanie |
| 610 | 2 | 0 | |a vzťahy medziľudské |
| 610 | 2 | 0 | |a stolovanie |
| 610 | 2 | 0 | |a manažéri |
| 610 | 2 | 0 | |a cesty pracovné |
| 610 | 2 | 0 | |a náboženstvo |
| 610 | 2 | 0 | |a Kolumbia |
| 100 | 1 | |a Kohák, František | |